000 00819nam a2200229Ia 4500
001 16666
003 GE_BSU
008 181216s||||||||xx |||||||||||||| ||und||
040 _cGE_BSU
080 _a82-93:821.353.1-32
100 _aკახაძე, ვახტანგ
245 _aმისი დაბადების დღე
245 _bსაბავშვო მოთხრობები
245 _cრედ.მ.ახვლედიანი.მხ.ზ.მეძმარიაშვილი
260 _aთბილისი
260 _bნაკადული
260 _c1966
300 _a100გვ. : ილ. ; 21სმ.
653 _aმისი დაბადების დღე
653 _aსაბავშვო მოთხრობები
942 _cBK
999 _c49731
_d49731